000 01360cam a2200337 a 4500
001 15485019
003 OSt
005 20150729155213.0
008 081015s2009 nyu b 001 0 eng
010 _a 2008043228
020 _a1416560521
020 _a9781416560524
035 _a(OCoLC)ocn232979450
040 _aSEKU
050 0 0 _aRC 685 .I6
_bB6 2009
100 1 _aBonner, Dede.
245 1 4 _aThe 10 best questions for recovering from a heart attack :
_bthe script you need to take control of your health
_cDede Bonner ; foreword by Vicki Rackner.
246 3 _aTen best questions for recovering from a heart attack
250 _a1st Fireside trade pbk. ed.
260 _aNew York :
_bSimon & Schuster,
_c2009.
300 _axvi, 287 p. ;
_c22 cm.
490 0 _aThe 10 best questions series
500 _a"A Fireside Book."
504 _aIncludes bibliographical references (p. [246]-258) and index.
650 0 _aMyocardial infarction
_vPopular works.
650 2 _aMyocardial Infarction
_vPopular Works.
856 4 2 _3Publisher description
_uhttp://www.loc.gov/catdir/enhancements/fy0906/2008043228-d.html
856 4 1 _3Sample text
_uhttp://www.loc.gov/catdir/enhancements/fy0909/2008043228-s.html
856 4 2 _3Contributor biographical information
_uhttp://www.loc.gov/catdir/enhancements/fy0910/2008043228-b.html
942 _2lcc
_cGEN
999 _c7663
_d7663